| 000 | 005020000a22001930004500 | ||
|---|---|---|---|
| 001 | 002644 | ||
| 003 | MACL | ||
| 005 | 20150920114449.0 | ||
| 008 | 150920b xxu||||| |||| 00| 0 eng d | ||
| 040 |
_aMACL _cMACL |
||
| 041 | _aEnglish | ||
| 082 | _a891/HUS | ||
| 100 |
_aHusain, Suraiya _912283 |
||
| 245 |
_aSajjad Hyder Yildirim _bMakers of Indian Literature _cSuraiya Husain |
||
| 260 |
_aNew Delhi _c1992 _bSahitya Akademi, |
||
| 350 | _a15 | ||
| 650 |
_aLiterature _912284 |
||
| 942 |
_k891 _cBK _2ddc |
||
| 999 |
_c14553 _d14553 |
||